| 000 | 00827nam a2200217Ia 4500 | ||
|---|---|---|---|
| 008 | 130821s1966 enkaob gr eng | ||
| 040 |
_aCo-BoUCM _bspa |
||
| 041 | 0 | 0 | _aeng |
| 100 | 1 |
_aDaniell, David Scott _d1906- _9169984 |
|
| 245 | 1 | 0 |
_aWorld War II an illustrated history _cDavid Scott-Daniell |
| 260 |
_aLondres (Inglaterra) _bE. Benn _c1966 |
||
| 300 |
_a127 páginas _bilustraciones, mapas, fotografías |
||
| 490 | 0 | _aBenn's Twentieth-Century Histories | |
| 500 | _aDonación UCM-C-ARRAYANES. | ||
| 650 |
_aGuerra Mundial II, 1939 -1945 _xHistoria _9124302 |
||
| 650 |
_aHistoria de Europa _926509 |
||
| 650 |
_aHistoria moderna _xHistoria _ySiglo XX _916943 |
||
| 650 |
_aPolítica internacional _xHistoria _ySiglo XX _921990 |
||
| 942 |
_cLIBRO _a21 _e1 _mD185w _2DEWEY _h940.53 |
||
| 999 |
_c78448 _d78448 |
||